[Event "AUTO-INT-1998"]
[Site "http://www.queenalice.com/game.php?id=920924"]
[Date "2011.4.2"]
[Round "1"]
[White "shimon"]
[Black "Ralfostarr"]
[Result "1-0"]
[WhiteElo "1556"]
[BlackElo "1451"]

1. e4 e5 2. d3 Qf6 3. Nf3 Bc5 4. c3 g5 5. Bxg5 Qg6 6. Bd2 Nf6 7. Nxe5 Qg7 8. Qe2
d5 9. d4 Bd6 10. Qb5+ c6 11. Qb3 Nxe4 12. Bf4 c5 13. Qxd5 f5 14. Bb5+ Ke7 15.
Na3 Rd8 16. Nac4 cxd4 17. Nd3 Bxf4 18. Bd7 Rxd7 19. Qxf5 Qxg2 20. Rf1 Rc7 21.
Qxh7+ Kd8 22. Qh8+ Ke7 23. Qh7+ Kd8 24. Qh8+ Ke7 25. Nxf4 Qg5 26. Qh7+ Kd8 27.
Qh8+ Kd7 28. Ne5+ Qxe5 29. Qxe5 Nd6 30. Qe6+ Kc6 31. Qd5+ Kd7 32. Rd1 Rc4 33.
Rxd4 b5 34. Qxd6+ Ke8 35. Qe5+ Kf7 36. Rd6 Nd7 37. Qe6+ Kf8 38. Ng6+ Kg7 39.
Qe7+ Kh6 40. Ne5+ Kh5 41. Qf7+ Kg5 42. Rg6+ Kh5 43. Qf5+ Kh4 44. Qg5+ Kh3 45.
Rh6+ Rh4 46. Rxh4# 1-0

[Event "AUTO-INT-1998"]
[Site "http://www.queenalice.com/game.php?id=920925"]
[Date "2011.4.2"]
[Round "1"]
[White "Ralfostarr"]
[Black "shimon"]
[Result "1-0"]
[WhiteElo "1442"]
[BlackElo "1568"]

1. e4 e5 2. Qh5 d6 3. Bc4 Qf6 4. d3 Be6 5. Bg5 Qg6 6. Qxg6 fxg6 7. Bxe6 h6 8.
Be3 Nf6 9. Nc3 Nc6 10. Nb5 Ke7 11. Bd5 Na5 12. Nxc7 Rc8 13. Ne6 b6 14. c4 Nd7
15. b4 Nc6 16. Nf3 Nxb4 17. Kd2 g5 18. g4 Nf6 19. h3 Nbxd5 20. cxd5 Kf7 21. a4
Be7 22. Rhb1 Kg6 23. a5 Nd7 24. h4 Nc5 25. axb6 axb6 26. Rxb6 Nxe6 27. dxe6 Rb8
28. Ra7 Rxb6 29. Bxb6 Bf6 30. Bc7 Rc8 31. Bxd6 Re8 32. e7 gxh4 33. Ra6 h3 34.
Bxe5 Rxe7 35. d4 Kf7 36. Ra1 g6 37. Rh1 g5 38. Rxh3 Kg6 39. Rh5 Ra7 40. Bxf6
Ra2+ 41. Ke3 Ra3+ 42. Ke2 Ra2+ 43. Ke3 Re2+ 44. Kxe2 Kh7 45. Nxg5+ Kg6 46. Be7
Kg7 47. d5 hxg5 48. Rxg5+ Kh7 49. d6 Kh8 50. d7 Kh7 51. d8=Q Kh6 52. Qh8# 1-0

[Event "AUTO-OPEN-2322"]
[Site "http://www.queenalice.com/game.php?id=920944"]
[Date "2011.4.2"]
[Round "1"]
[White "Cartucho"]
[Black "shimon"]
[Result "1-0"]
[WhiteElo "1795"]
[BlackElo "1547"]

1. c4 e5 2. e4 Qf6 3. d3 Bc5 4. Nf3 d6 5. Bg5 Qe6 6. Nc3 Nc6 7. Nd5 Bb6 8. Be3
Nge7 9. Bxb6 Nxd5 10. cxd5 Qe7 11. dxc6 axb6 12. cxb7 Bxb7 13. Be2 O-O 14. O-O
d5 15. Qd2 dxe4 16. dxe4 Bxe4 17. Ng5 Bc6 18. Bf3 Rad8 19. Qe3 Bxf3 20. Nxf3 f6
21. Rac1 c5 22. Qb3+ Kh8 23. Rfd1 Rd6 24. Rxd6 Qxd6 25. Rd1 Qc6 26. Qd5 Qa4 27.
a3 g5 28. h3 e4 29. Nxg5 fxg5 30. Qe5+ Kg8 31. Qxg5+ Kh8 32. Rd8 Rxd8 33. Qxd8+
Kg7 34. Qxb6 c4 35. Qb7+ Kf6 36. Qxe4 Qd1+ 37. Kh2 Qb3 38. Qxh7 Qb8+ 39. Kg1 Qf4
40. Qc2 Ke6 41. a4 Kd5 42. Qc3 Kc5 43. Qe3+ Qxe3 44. fxe3 Kb4 45. a5 Kxa5 46. e4
Kb4 47. e5 Kb3 48. e6 Kxb2 49. e7 c3 50. e8=Q c2 51. Qc8 c1=Q+ 52. Qxc1+ Kxc1
53. Kf2 Kd2 54. h4 1-0

[Event "AUTO-OPEN-2322"]
[Site "http://www.queenalice.com/game.php?id=920945"]
[Date "2011.4.2"]
[Round "1"]
[White "shimon"]
[Black "Cartucho"]
[Result "0-1"]
[WhiteElo "1560"]
[BlackElo "1622"]

1. e4 e5 2. Qf3 Nc6 3. Bc4 Nf6 4. d3 d6 5. c3 Bg4 6. Qe3 Be7 7. d4 d5 8. exd5
Nxd5 9. Qg3 Be6 10. Qxg7 Rf8 11. Qxh7 exd4 12. Bh6 dxc3 13. bxc3 Nf6 14. Qd3
Bxc4 15. Qxc4 Rg8 16. Nf3 Rxg2 17. Ng5 Ne5 18. Qb5+ Nfd7 19. Qd5 Rxg5 20. Bxg5
Bxg5 21. O-O c6 22. f4 cxd5 23. fxe5 Nxe5 24. Na3 Be3+ 25. Kg2 Qh4 26. Rae1 Qe4+
27. Kg3 Qg4# 0-1

[Event "AUTO-OPEN-2322"]
[Site "http://www.queenalice.com/game.php?id=920974"]
[Date "2011.4.2"]
[Round "1"]
[White "shimon"]
[Black "GMcruz"]
[Result "0-1"]
[WhiteElo "1531"]
[BlackElo "2017"]

1. b3 e5 2. Bb2 Nc6 3. Nf3 d6 4. d3 f5 5. e3 Nf6 6. Be2 Be6 7. d4 e4 8. Ng5 Bg8
9. O-O g6 10. c4 Bg7 11. d5 Ne7 12. Na3 h6 13. Nh3 Bf7 14. Rb1 O-O 15. f3 Re8
16. f4 a6 17. g4 Kh7 18. g5 Nfg8 19. gxh6 Nxh6 20. Ng5+ Kg8 21. Bxg7 Kxg7 22.
Qd4+ Kg8 23. Qf6 Nc6 24. Qc3 Nb8 25. Kf2 Nd7 26. h4 Qf6 27. Qxf6 Nxf6 28. Nc2
Nhg4+ 29. Kg3 Kg7 30. Kh3 Rh8 31. a3 Rh6 32. b4 Rah8 33. Kg3 Rxh4 34. a4 Ra8 35.
Rh1 Rxh1 36. Rxh1 Bg8 37. Rh4 b5 38. a5 bxc4 39. Bxc4 c6 40. dxc6 Bxc4 41. Nd4
Nh5+ 42. Kg2 Nxe3+ 43. Kf2 Ng4+ 0-1

[Event "AUTO-OPEN-2322"]
[Site "http://www.queenalice.com/game.php?id=920975"]
[Date "2011.4.2"]
[Round "1"]
[White "GMcruz"]
[Black "shimon"]
[Result "1-0"]
[WhiteElo "1993"]
[BlackElo "1546"]

1. d4 b6 2. e4 Bb7 3. Bd3 d5 4. Nd2 e6 5. Ngf3 Nf6 6. Qe2 c6 7. O-O dxe4 8. Nxe4
c5 9. Rd1 cxd4 10. Nxd4 Nxe4 11. Bxe4 Qe7 12. Nb5 Na6 13. Nd6+ Kd8 14. Nxb7+ Kc7
15. Qc4+ Nc5 16. b4 Qh4 17. bxc5 Bxc5 18. Nxc5 Rae8 19. Na6# 1-0

[Event "AUTO-OPEN-2322"]
[Site "http://www.queenalice.com/game.php?id=920976"]
[Date "2011.4.2"]
[Round "1"]
[White "shimon"]
[Black "salvador_2011"]
[Result "0-1"]
[WhiteElo "1529"]
[BlackElo "2137"]

1. e4 e6 2. d4 d5 3. e5 c5 4. c3 Nc6 5. Bb5 Bd7 6. Bxc6 Bxc6 7. Nf3 cxd4 8. cxd4
Ne7 9. Qd2 Nf5 10. O-O Be7 11. Nc3 O-O 12. Qc2 Rc8 13. a4 Qe8 14. Qd3 a6 15. Bg5
Bxg5 16. Nxg5 f6 17. exf6 Rxf6 18. g4 Rg6 19. f4 Nd6 20. f5 Rxg5 21. h3 exf5 22.
Qd2 Qg6 23. Rf4 fxg4 24. h4 Rf5 25. b3 Qh6 26. Raf1 Bd7 27. Ne2 Qxh4 28. Qd3 Rh5
29. Qg3 Qh1+ 30. Kf2 Ne4+ 31. Rxe4 Qxe4 0-1

[Event "AUTO-OPEN-2322"]
[Site "http://www.queenalice.com/game.php?id=920977"]
[Date "2011.4.2"]
[Round "1"]
[White "salvador_2011"]
[Black "shimon"]
[Result "1-0"]
[WhiteElo "2138"]
[BlackElo "1527"]

1. e4 e5 2. Nf3 d6 3. d4 Nd7 4. dxe5 Nxe5 5. Nxe5 dxe5 6. Qxd8+ Kxd8 7. Nc3 Be6
8. Be3 Kd7 9. O-O-O+ Ke7 10. Nd5+ Ke8 11. Nxc7+ Ke7 12. Nxa8 g6 13. Nc7 h6 14.
Bxa7 Bg7 15. Bc5+ Kf6 16. Nxe6 fxe6 17. g4 h5 18. f3 Bh6+ 19. Kb1 Bf4 20. h4 Nh6
21. g5+ Kg7 22. gxh6+ Bxh6 23. Rd7+ Kf6 24. Be7+ Kf7 25. Bg5+ Kg8 26. Bc4 Bxg5
27. hxg5 h4 28. Rhd1 1-0

[Event "Challenge"]
[Site "http://www.queenalice.com/game.php?id=1019208"]
[Date "2012.1.29"]
[Round "-"]
[White "Dutchman"]
[Black "shimon"]
[Result "1-0"]
[WhiteElo "1504"]
[BlackElo "1463"]

1. e4 e5 2. Nf3 d6 3. c4 Nf6 4. Nc3 b6 5. d4 Bb7 6. Bd3 Be7 7. dxe5 dxe5 8. Nxe5
Nc6 9. Nxc6 Bxc6 10. O-O a6 11. b4 O-O 12. b5 axb5 13. cxb5 Bb7 14. e5 1-0

[Event "AUTO-OPEN-2572"]
[Site "http://www.queenalice.com/game.php?id=1019340"]
[Date "2012.1.29"]
[Round "1"]
[White "Korchnoico"]
[Black "shimon"]
[Result "1-0"]
[WhiteElo "1789"]
[BlackElo "1466"]

1. c4 e5 2. e4 d6 3. d3 Nf6 4. Nf3 Bg4 5. Be2 Nc6 6. O-O Be7 7. h3 Be6 8. Nc3
O-O 9. Be3 Nb4 10. a3 Nc6 11. d4 1-0

[Event "AUTO-OPEN-2572"]
[Site "http://www.queenalice.com/game.php?id=1019341"]
[Date "2012.1.29"]
[Round "1"]
[White "shimon"]
[Black "Korchnoico"]
[Result "0-1"]
[WhiteElo "1469"]
[BlackElo "1786"]

1. e4 c5 2. Nf3 e6 3. Bb5 a6 4. Bd3 d6 5. e5 d5 6. b3 Nc6 7. O-O Qc7 8. Be2 Nxe5
9. Bb2 Nxf3+ 10. Bxf3 f6 11. Nc3 Bd6 0-1

[Event "AUTO-OPEN-2572"]
[Site "http://www.queenalice.com/game.php?id=1019364"]
[Date "2012.1.29"]
[Round "1"]
[White "VladimirSpirin"]
[Black "shimon"]
[Result "1-0"]
[WhiteElo "2218"]
[BlackElo "1534"]

1. b3 d6 2. Bb2 e5 3. g3 Nh6 4. Bg2 c6 5. e3 Be6 6. d3 Bg4 7. Ne2 Be7 8. h3 Be6
9. Nd2 d5 10. Bxe5 Bf6 11. Bxf6 Qxf6 12. O-O O-O 13. d4 Nd7 14. Nf4 b6 15. c3
Qe7 16. Nxe6 Qxe6 17. Nf3 Nf6 18. Qc2 Qf5 19. Qxf5 Nxf5 20. Ne5 Rac8 21. b4 Nd6
22. a3 Nfe4 23. Rfc1 f6 24. Nd3 Ng5 25. a4 f5 26. Ne5 g6 27. Nxc6 Rxc6 28. Bxd5+
Kh8 29. Bxc6 Nc4 30. Kg2 1-0

[Event "AUTO-OPEN-2572"]
[Site "http://www.queenalice.com/game.php?id=1019365"]
[Date "2012.1.29"]
[Round "1"]
[White "shimon"]
[Black "VladimirSpirin"]
[Result "0-1"]
[WhiteElo "1532"]
[BlackElo "2219"]

1. e4 b6 2. Nf3 Bb7 3. d3 g6 4. Bd2 Bg7 5. Bc3 Bxc3+ 6. Nxc3 e6 7. Be2 a6 8. Na4
Qe7 9. Nd2 Nc6 10. O-O Nd4 11. c3 Nxe2+ 12. Qxe2 b5 13. Nb6 cxb6 14. Rad1 Bc6
15. Nf3 f6 16. d4 Nh6 17. b3 Nf7 18. Rfe1 Bb7 19. e5 f5 20. Qe3 O-O 21. Re2 h6
22. b4 Qd8 23. Nd2 Qc7 24. a3 Rac8 25. Rc1 Ba8 26. Nf1 Qb7 27. f3 g5 28. f4 g4
29. Ng3 Kh7 0-1

[Event "AUTO-INT-2223"]
[Site "http://www.queenalice.com/game.php?id=1019564"]
[Date "2012.1.29"]
[Round "1"]
[White "Severynnas"]
[Black "shimon"]
[Result "1-0"]
[WhiteElo "1481"]
[BlackElo "1496"]

1. d4 e6 2. Nf3 d5 3. Bf4 Bd6 4. g3 Bxf4 5. gxf4 Nf6 6. Bg2 O-O 7. Nc3 Nc6 8.
Bh3 Qd6 9. Qd3 Qxf4 10. O-O Ng4 11. Bxg4 Qxg4+ 12. Kh1 f5 13. Rg1 Qh5 14. Rg3 a6
15. b3 Nb4 16. Qd2 1-0

[Event "AUTO-INT-2223"]
[Site "http://www.queenalice.com/game.php?id=1019565"]
[Date "2012.1.29"]
[Round "1"]
[White "shimon"]
[Black "Clausimausi"]
[Result "0-1"]
[WhiteElo "1413"]
[BlackElo "1572"]

1. e4 e5 2. Qf3 Nf6 3. d3 Nc6 4. Nc3 Nd4 5. Qd1 Bb4 6. a3 Bxc3+ 7. bxc3 Nb5 8.
c4 Nd4 9. Nf3 Nxf3+ 10. Qxf3 d6 11. c3 O-O 12. d4 exd4 13. cxd4 Re8 14. Bd3 Bg4
15. Qf4 Bc8 16. O-O h6 17. e5 dxe5 18. Qg3 e4 0-1

[Event "AUTO-INT-2223"]
[Site "http://www.queenalice.com/game.php?id=1019566"]
[Date "2012.1.29"]
[Round "1"]
[White "Clausimausi"]
[Black "shimon"]
[Result "1-0"]
[WhiteElo "1582"]
[BlackElo "1403"]

1. e4 e5 2. Nf3 d6 3. Bc4 Qf6 4. d3 Qe7 5. O-O Bg4 6. Re1 Nf6 7. Bg5 h6 8. Bxf6
Qxf6 9. Nbd2 Nc6 10. h3 Be6 11. Bxe6 Qxe6 12. c3 Be7 13. b3 O-O 14. d4 exd4 15.
cxd4 f5 16. d5 Qf6 17. dxc6 bxc6 18. e5 1-0

[Event "AUTO-INT-2223"]
[Site "http://www.queenalice.com/game.php?id=1019567"]
[Date "2012.1.29"]
[Round "1"]
[White "shimon"]
[Black "cass"]
[Result "0-1"]
[WhiteElo "1530"]
[BlackElo "1777"]

1. e4 e5 2. d3 Nf6 3. Nf3 Nc6 4. Be2 d5 5. Nc3 Bb4 6. Bd2 d4 7. Na4 b6 8. Bxb4
Nxb4 9. Nxe5 O-O 10. a3 Qd6 11. Nc4 Qe7 12. axb4 Qxb4+ 13. Qd2 Qb5 14. b3 Qe8
15. Nab2 Bb7 16. O-O b5 17. Na3 a6 18. Qa5 c5 19. b4 cxb4 20. Qxb4 Rd8 21. Qd2
Qe5 22. f4 Qe7 0-1

[Event "AUTO-INT-2223"]
[Site "http://www.queenalice.com/game.php?id=1019568"]
[Date "2012.1.29"]
[Round "1"]
[White "cass"]
[Black "shimon"]
[Result "1-0"]
[WhiteElo "1783"]
[BlackElo "1524"]

1. e4 e5 2. d4 Nc6 3. Nf3 Bd6 4. Bc4 Nf6 5. Ng5 Qe7 6. Nxf7 Rf8 7. Nxd6+ Qxd6 8.
d5 Nd4 9. Nc3 Qc5 10. Bd3 d6 11. O-O Bg4 12. Ne2 Nxe2+ 13. Bxe2 Bxe2 14. Qxe2
O-O-O 15. Be3 Qa5 16. f3 Kb8 17. c3 h6 18. Rfb1 Rc8 19. b4 Qa6 20. b5 Qa5 21. c4
a6 22. a4 Nd7 23. bxa6 1-0

[Event "Challenge"]
[Site "http://www.queenalice.com/game.php?id=1029073"]
[Date "2012.2.11"]
[Round "-"]
[White "ElvisCarvalho"]
[Black "shimon"]
[Result "1-0"]
[WhiteElo "1366"]
[BlackElo "1518"]

1. e4 e5 2. Nf3 d6 3. Bb5+ Bd7 4. Nc3 Bxb5 5. Nxb5 Nc6 6. d3 a6 7. Na3 Nf6 8.
O-O Be7 9. Nc4 O-O 10. d4 Nxe4 11. dxe5 dxe5 12. Ncxe5 Nxe5 13. Nxe5 Nf6 14. Bd2
Qd4 15. Bc3 Qxd1 16. Raxd1 Bd6 17. Rfe1 Bxe5 18. Rxe5 1-0

[Event "Challenge"]
[Site "http://www.queenalice.com/game.php?id=1030988"]
[Date "2012.2.18"]
[Round "-"]
[White "filipewao"]
[Black "shimon"]
[Result "1-0"]
[WhiteElo "1637"]
[BlackElo "1479"]

1. e4 e5 2. Nf3 d6 3. Bc4 Nf6 4. Ng5 Be6 5. Bxe6 fxe6 6. d3 Qe7 7. c4 Nc6 8. O-O
h6 9. b4 hxg5 10. Bxg5 Nxb4 11. f4 Qf7 12. Na3 Qg6 13. Nb5 Na6 14. fxe5 Qh7 15.
exd6 1-0